[Event "It (open)"]
[Site "masterchessopen.com Diezisau (Germany)"]
[Round "1"]
[White "Wiertzema Michael (GER)"]
[Black "Epishin Vladimir (GER)"]
[Result "0-1"]
[WhiteElo "2210"]
[BlackElo "2599"]

{ Epishin Vladimir (RUS) +0 =0 -1 Epishin Vladimir (RUS) +0 =0 -1 Epishin
Vladimir (RUS) +0 =0 -1 } 1.d4 { 1 } 1...Nf6 2.c4 e6 3.Nc3 Bb4 4.e3 O-O 5.Ne2
Re8 ( 5...d5 6.a3 Be7 7.cxd5 exd5 8.g3 c6 9.Bg2 Na6 10.O-O Nc7 11.f3 c5 12.Bd2
b6 13.Be1 Re8 14.Qd2 Ba6 15.Bf2 cxd4 16.exd4 Bd6 17.Rfe1 h6 18.Nf4 Qd7 19.Be3
Re7 20.Bh3 Qc6 21.Rac1 Qb7 22.Ng2 h5 23.Nh4 g6 24.Bg5 Rxe1+ 25.Rxe1 { ...1-0,
Gyimesi Zoltan 2480 - Epishin Vladimir 2620 , Parnu 1996 Memorial P.Keres (b)
(cat.10) } ) 6.a3 Bf8 { = } 7.Ng3 d5 8.cxd5 exd5 ( 8...Nxd5 9.Bd3 Nxc3 10.bxc3
b6 11.O-O Bb7 12.e4 c5 13.Be3 Ba6 14.f4 Bxd3 15.Qxd3 cxd4 16.cxd4 Nc6 17.Rfd1
Qd7 18.Qe2 Rad8 19.Kh1 Ne7 20.a4 f5 21.e5 Nd5 22.Bd2 Rc8 23.Qb5 Qb7 24.Rdc1
Rxc1+ 25.Rxc1 Rc8 26.Rxc8 Qxc8 27.Qb3 Bb4 28.Qd3 { ...0-1, Ruiz Garcia Jose
Manuel 2110 - Corral Blanco Juan Antonio 2425 , Oropesa 1996 Ch Spain (team)
(a) } ) 9.Bd3 ( 9.Be2 a5 10.O-O g6 11.Bd2 h5 12.Bf3 h4 13.Nge2 c6 14.Nf4 Bf5
15.g4 hxg3 16.hxg3 g5 17.g4 Bh7 18.Nfe2 Bd6 19.Kg2 Nbd7 20.Ng3 Bxg3 21.Kxg3
Kg7 22.Be2 Qc7+ 23.Kg2 Rh8 24.Rh1 Be4+ 25.Nxe4 Nxe4 26.Qc2 Ndf6 27.Bf3 Qd7
28.Rag1 Nxd2 { ...1/2-1/2, Taimanov Mark E 2600 - Lutikov Anatoly S 2540 ,
Kislovodsk 1966 It "Central Chess Club" } ) 9...Nbd7 { -0,12 CAP } ( 9...c6
10.O-O Nbd7 11.Bd2 Bd6 12.b4 Nf8 13.Nf5 Bc7 14.f3 g6 15.Ng3 Ne6 16.Re1 h5
17.Nf1 Qd6 18.Qb3 Ng7 19.b5 c5 20.dxc5 Qxc5 21.Rac1 Qd6 22.Na4 Bf5 23.Bb4 Qd8
24.Nc5 Rb8 25.Red1 Bb6 26.Kh1 h4 27.e4 Be6 28.Nxe6 Nxe6 29.exd5 { ...0-1,
Allen Andrew 2215 - Murzin Lenar 2310 , Budapest 1997 It (b) } ) ( 9...c5
10.dxc5 Bxc5 11.O-O Nc6 12.e4 Bg4 13.Qa4 d4 14.Nce2 Bxe2 15.Nxe2 Nxe4 16.Qc2
Qe7 17.Bf4 Bb6 18.Rfe1 Nf6 19.b4 Rac8 20.Qd2 Ne4 21.Qb2 Qf6 22.Rad1 Nc3
23.Nxc3 dxc3 24.Qc1 Rxe1+ 25.Rxe1 Qd4 26.Qe3 Qxe3 27.Bxe3 Bxe3 28.fxe3 Ne5
29.Be4 { ...1/2-1/2, Nielsen Jorgen G 2240 - Heyken Enno 2350 , Copenhagen
1985 It (open) } ) ( 9...b6 10.O-O c5 11.Nh5 Bb7 12.Bb5 Re6 13.Nxf6+ Rxf6
14.dxc5 Bxc5 15.e4 Rg6 16.exd5 Bd6 17.Qh5 Nd7 18.Bd3 Nf6 19.Qf3 Rg4 20.Ne4 h5
21.h3 Nxe4 22.hxg4 Qh4 23.g3 Bxg3 24.fxg3 Nxg3 25.Qxf7+ Kh8 26.Qf8+ { 1-0,
Sakalauskas Vaidas 2418 - Nyysti Sampsa 2297 , Helsinki 2002 It (cat.4) } )
10.b4 { N } ( 10.O-O b6 11.b4 c5 12.b5 g6 13.Bb2 Bg7 14.Rc1 Nf8 15.dxc5 bxc5
16.Na4 c4 17.Bb1 Rb8 18.Nc3 Ne6 19.Nge2 Bb7 20.Na2 Qc7 21.Nd4 Ng5 22.Nb4 h5
23.g3 Rbd8 24.Ndc6 Bxc6 25.Nxc6 Rd7 26.Bd4 a6 27.a4 axb5 28.axb5 Qb7 29.h4
Ngh7 { ...1/2-1/2, Koen Maja 2205 - Bojkovic Natasa 2310 , Mamaia 1991 Ch
World (juniors) (under 20) } ) 10...a6 11.Qb3 c6 12.a4 { ?! } ( 12.O-O { !? }
12...Bd6 13.Qc2 Nb6 14.Nce2 { } ) 12...a5 { ?! } ( 12...Qb6 { !? } 13.O-O Qxb4
14.Qc2 Qa5 { } ) 13.b5 c5 14.Nxd5 cxd4 15.O-O Nxd5 16.Qxd5 Nc5 17.Qxd8 Rxd8
18.Rd1 { ?! } ( 18.Bc4 { !? } 18...Be6 19.Bxe6 fxe6 20.Ra2 { } ) 18...Bg4
19.Be2 { ?! } ( 19.f3 { !? } 19...Be6 20.exd4 Nb3 21.Rb1 { } ) 19...Bxe2
20.Nxe2 dxe3 21.Bxe3 Rxd1+ 22.Rxd1 Nxa4 23.Rd7 b6 24.Rb7 Bc5 25.Bc1 { ?! } (
25.Bxc5 { !? } 25...bxc5 26.f3 Kf8 27.Kf1 { } ) 25...h6 26.g4 { ?! } ( 26.g3 {
!? } 26...Re8 27.Kf1 Re5 28.Rb8+ { } ) 26...Re8 27.Kf1 Re4 28.g5 hxg5 29.Bxg5
Nb2 30.Rb8+ Kh7 31.h4 { ?! } ( 31.Nc3 { !? } 31...Rb4 32.Rb7 a4 33.Be7 { } )
31...a4 { ! } ( 31...f6 { ? } 32.Be3 Bxe3 33.fxe3 Nc4 { } ) 32.Ng3 Rc4 { }
{#R} 0-1

[Event "Ch Asia"]
[Site "masterchessopen.com Doha (Qatar)"]
[Round "2"]
[White "Altanoch Genden (MGL)"]
[Black "Sundararajan Kidambi (IND)"]
[Result "0-1"]
[WhiteElo "2279"]
[BlackElo "2476"]

1.d4 Nf6 2.c4 e6 3.Nc3 Bb4 4.e3 O-O 5.Ne2 d5 6.a3 Be7 7.Ng3 c5 8.Be2 cxd4
9.exd4 dxc4 10.Bxc4 Nbd7 11.O-O Nb6 12.Ba2 Bd7 13.Nce4 Bc6 14.Ng5 Bd5 15.Bb1
Rc8 16.Re1 Bd6 17.Nh5 Rxc1 18.Nxf6+ gxf6 19.Bxh7+ Kg7 20.Nxe6+ fxe6 21.Rxc1
Kxh7 22.Rc3 Kg7 23.f4 Rh8 24.Qg4+ Kf7 25.Rg3 Qg8 26.Qe2 Qh7 27.Rh3 Qxh3 {#R}
0-1

[Event "It (young masters) (a)"]
[Site "masterchessopen.com Dresden (Germany)"]
[Round "9"]
[White "Braun Arik (GER)"]
[Black "Berkvens Joost (NED)"]
[Result "0-1"]
[WhiteElo "2480"]
[BlackElo "2453"]

1.d4 Nf6 2.c4 e6 3.Nc3 Bb4 4.e3 O-O 5.Ne2 d5 6.a3 Be7 7.cxd5 exd5 8.g3 a5
9.Bg2 c6 10.O-O Na6 11.Qc2 Re8 12.Bd2 Bd6 13.Rad1 Bd7 14.Rfe1 h5 15.e4 dxe4
16.Bg5 Bf5 17.d5 Bg6 18.Bxf6 Qxf6 19.Bxe4 Bxe4 20.Nxe4 Qg6 21.dxc6 Rxe4
22.cxb7 Rae8 23.Qc8 Kh7 24.Qd7 Bb8 25.Rd2 Nc5 26.Qc8 Qb6 27.Rc1 Nb3 28.Rc6 Qb5
29.Qd7 Nxd2 30.Rh6+ Kxh6 31.Qxb5 Rxe2 32.Qxa5 Nf3+ 33.Kg2 Ne1+ 34.Kf1 Rxb2
35.Qd5 Re6 36.h4 Ba7 {#R} 0-1

[Event "Bundesliga 2003/04"]
[Site "masterchessopen.com Germany"]
[Round "3"]
[White "Graf Alexander (GER)"]
[Black "Tischbierek Raj (GER)"]
[Result "1-0"]
[WhiteElo "2646"]
[BlackElo "2477"]

{ Graf Alexander (GER) +2 =2 -1 Tischbierek Raj (GER) +1 =1 -0 } 1.d4 { 1 }
1...Nf6 2.c4 e6 3.Nc3 Bb4 4.e3 O-O 5.Ne2 d5 ( 5...Re8 6.a3 Bf8 7.b3 d5 8.Bb2
c5 9.dxc5 Bxc5 10.b4 Bf8 11.cxd5 exd5 12.Nd4 Nc6 13.Nxc6 bxc6 14.Be2 Rb8
15.O-O c5 16.Bf3 Be6 17.Ne2 { 1/2-1/2, Paehtz Thomas 2455 - Tischbierek Raj
2495 , Germany 1991 Bundesliga 1990/91 } ) 6.a3 Bd6 7.Ng3 { = } ( 7.c5 Be7
8.Ng3 c6 9.b4 a5 10.Bb2 b6 11.Be2 Ba6 12.O-O Nbd7 13.Bxa6 Rxa6 14.Qd3 Qa8
15.Nce2 Qb7 16.Bc3 Rfa8 17.Rfc1 axb4 18.axb4 Rxa1 19.Rxa1 Rxa1+ 20.Bxa1 Qa7
21.Bc3 Qa4 22.f3 Ne8 23.Nf1 Nc7 24.Be1 g6 25.Nc1 Nb5 26.Qb3 { ...0-1,
Vernersson Per 2391 - Kulaots Kaido 2513 , Sweden 2003 Ch Sweden (team)
2002/03 } ) 7...c5 ( 7...Re8 8.cxd5 exd5 9.Bd3 c6 10.Qc2 h5 11.f3 c5 12.Nce2
Qb6 13.dxc5 Bxc5 14.Nf1 Qd6 15.Bd2 Nc6 16.O-O-O Bd7 17.Kb1 Rac8 18.Bc3 Ne5
19.Nd4 Qb6 20.Ka2 Bxd4 21.Bxd4 Rxc2 22.Bxb6 Nxd3 { 0-1, Nikolaidis Ioannis
2460 - Aleksandrov Aleksej 2525 , St. Petersburg 1994 Memorial A.Petrov } ) (
7...c6 8.c5 Be7 9.f4 b6 10.b4 a5 11.Bd2 Nfd7 12.Be2 Ba6 13.O-O f5 14.Qc2 Bxe2
15.Ngxe2 Qc8 16.Rfb1 Qa6 17.Nc1 a4 18.b5 cxb5 19.c6 Nxc6 20.Nxd5 exd5 21.Qxc6
Nf6 22.Nd3 b4 23.Nxb4 Bxb4 24.Qe6+ Rf7 25.Bxb4 Re8 26.Qxf5 Rxe3 27.Rc1 {
...0-1, Bu Xiangzhi 2365 - Aleksandrov Aleksej 2591 , St. Petersburg 2000
Memorial A.Petrov (open) } ) 8.dxc5 Bxc5 9.b4 ( 9.Be2 a5 10.O-O Nc6 11.cxd5
exd5 12.Nb5 Be6 13.Qa4 Qb6 14.b3 d4 15.Bb2 Rfd8 16.Rad1 dxe3 17.Bxf6 exf2+
18.Kh1 gxf6 19.Qf4 Rxd1 20.Rxd1 Rd8 21.Rf1 Nd4 22.Nh5 Kf8 23.Qh6+ Ke7 24.b4
Nxb5 25.Qxf6+ Kd7 26.bxc5 Qxc5 27.Qxf2 Qxf2 28.Bxb5+ Kd6 { ...1-0, Chernin
Alexander 2475 - Aseev Konstantin N 2435 , Lvov 1984 Ch URS } ) 9...Bb6 (
9...Be7 10.Bb2 dxc4 11.Qxd8 Rxd8 12.Bxc4 Nbd7 13.Rd1 a5 14.b5 Nb6 15.Rxd8+
Bxd8 16.Ba2 Bd7 17.e4 Rc8 18.Ke2 Bxb5+ 19.Nxb5 Rc2+ 20.Kf3 Rxb2 21.Nc3 Be7
22.Rb1 Bxa3 23.Rxb2 Bxb2 24.Nb5 Be5 25.Nf1 Kf8 26.Nd2 a4 27.h3 Ke7 28.Ke3 Bb2
29.Kd3 { ...0-1, Shikerov Stefan 2298 - Chandler Murray G 2544 , England 2001
Ch England (team) 2000/01 } ) ( 9...Bd6 10.Be2 a5 11.bxa5 Be5 12.Bd2 d4
13.exd4 Qxd4 14.O-O Nc6 15.Ra2 Qh4 16.Nb5 Rd8 17.Qb1 Bf4 18.Bxf4 Qxf4 19.Qc1
e5 20.Qxf4 exf4 21.Nh5 Nxh5 22.Bxh5 Be6 23.Be2 Rac8 24.Rc2 Nxa5 25.Rfc1 g5
26.g3 Rc5 27.gxf4 gxf4 28.f3 Kf8 29.Kf2 { ...0-1, Anikaev Yuri N 2445 -
Korchnoi Viktor 2670 , Tbilisi 1976 Cup URS } ) 10.Na4 ( 10.Bb2 Nc6 11.Be2 d4
12.exd4 Nxd4 13.O-O e5 14.c5 Bc7 15.Nb5 Nxb5 16.Bxb5 Ng4 17.Qxd8 Rxd8 18.h3
Nh6 19.Rfe1 f6 20.Bc4+ Kf8 21.Rad1 Nf5 22.Rxd8+ Bxd8 23.Rd1 Ke7 24.Nxf5+ Bxf5
25.Bd5 Rb8 26.g4 Bc2 27.Re1 Kd7 28.Re2 Ba4 29.Be4 h6 { ...0-1, Rodriguez
Gonzales Jesus 2355 - Bisguier Arthur B 2440 , Leipzig 1960 Olympiad } ) (
10.c5 Bc7 11.Bb2 Nc6 12.Bd3 e5 13.O-O e4 14.Be2 Be6 15.Nb5 Bb8 16.Nd4 Nd7
17.Rc1 Nxd4 18.Bxd4 f5 19.c6 bxc6 20.Rxc6 Qe7 21.f4 g6 22.Qb3 Rd8 23.Rfc1 h5
24.b5 Kh7 25.Nh1 Nb6 26.Nf2 Rd6 27.Nh3 Kh6 28.Ng5 Rxc6 29.Rxc6 Bd6 { ...1-0,
Piket Jeroen 2400 - Van Baarle C John 2345 , Amsterdam 1984 It "OHRA" (b) } )
10...Bc7 { } 11.Bb2 Nc6 12.Qb3 { N } ( 12.Rc1 Qe7 13.cxd5 Nxd5 14.Be2 Rd8
15.Qb3 Nb6 16.Nc5 Nd7 17.Nxd7 Qxd7 18.O-O Bxg3 19.hxg3 a6 20.a4 Qd2 21.b5 Qxe2
22.bxc6 bxc6 23.Rcd1 Rf8 24.Qc3 e5 25.Qxe5 f6 26.Qc3 Be6 27.Ba3 Rfc8 28.Rd4 c5
29.Rd6 Qc4 30.Qa5 h6 31.Rc1 Qb3 { ...1-0, Nenashev Alexander 2415 - Ionov
Sergey 2510 , Moscow 1991 Ch URS (swiss) } ) 12...Ng4 13.Be2 Qh4 14.Bxg4 { } (
14.cxd5 { !? } 14...exd5 15.b5 Ne7 16.Bxg4 { } ) 14...Qxg4 15.cxd5 exd5
16.Qxd5 a5 17.O-O Be6 18.Qc5 Rad8 19.f3 { } ( 19.Qc1 { !? } 19...axb4 20.Nc5
b3 21.Nxb7 { } ) 19...Qh4 { ? } ( 19...Qg6 { !? } 20.Qb5 Bxg3 21.hxg3 Qxg3 { }
) 20.f4 f6 21.b5 Rd5 22.Qc4 Rfd8 { ?? } ( 22...Re8 23.Nc5 Bf7 24.Nxb7 Ne5 { }
) 23.bxc6 b5 24.Qe4 { } {#r} 1-0

[Event "Verbandsliga Muensterland 2003/04"]
[Site "masterchessopen.com Germany"]
[Round "3"]
[White "Ringwelski Marius (GER)"]
[Black "Friese Henning (GER)"]
[Result "0-1"]
[WhiteElo "2089"]
[BlackElo "2077"]

1.d4 Nf6 2.c4 e6 3.Nc3 Bb4 4.e3 O-O 5.Ne2 c5 6.a3 Bxc3+ 7.Nxc3 cxd4 8.exd4 d5
9.c5 Nc6 10.Be2 b6 11.b4 bxc5 12.dxc5 d4 13.Bf3 Bb7 14.Nb5 Rb8 15.Nd6 Ba8
16.b5 Rxb5 17.Nxb5 Qa5+ 18.Bd2 Qxb5 19.Qc2 Ne5 20.Bg5 Bxf3 21.Bxf6 gxf6
22.gxf3 Nxf3+ 23.Kd1 d3 24.Qc3 Qa4+ 25.Kc1 Rb8 26.Qxd3 Rb3 27.Qc2 Qf4+ 28.Kd1
Qd4+ 29.Ke2 Qe5+ {#R} 0-1

[Event "SEA Games (team)"]
[Site "masterchessopen.com Ho Chi Minh City (Vietnam)"]
[Round "2"]
[White "Chan Mark (SIN)"]
[Black "Thamtavatvorn Taweechai (THA)"]
[Result "1-0"]
[WhiteElo "2286"]
[BlackElo "2214"]

1.d4 Nf6 2.c4 e6 3.Nc3 Bb4 4.e3 O-O 5.Ne2 d5 6.a3 Be7 7.Ng3 c5 8.cxd5 cxd4
9.exd4 exd5 10.Bd3 Nc6 11.O-O Nxd4 12.Bxh7+ Nxh7 13.Qxd4 Be6 14.Rd1 Bf6 15.Qd3
Qb6 16.Nh5 Rad8 17.Nxf6+ Nxf6 18.Bg5 Bg4 19.Rd2 d4 20.Ne4 Bh5 21.Nxf6+ gxf6
22.Bf4 Bg6 23.Qg3 Rd5 24.h4 Re8 25.Rc1 Rc5 26.Rcd1 Kh7 27.Rxd4 Qxb2 28.Be3
Rce5 29.Qf4 Rh5 30.Qxf6 Re6 31.Qf4 Qxa3 32.Rd8 Qe7 33.Qd4 Qf6 {#r} 1-0

[Event "Ch Europe"]
[Site "masterchessopen.com Istanbul (Turkey)"]
[Round "12"]
[White "Malakhov Vladimir (RUS)"]
[Black "Nielsen Peter Heine (DEN)"]
[Result "1-0"]
[WhiteElo "2664"]
[BlackElo "2663"]

{ Nielsen Peter Heine (DEN) +0 =4 -1 } 1.d4 { 1 } 1...Nf6 2.c4 e6 3.Nc3 Bb4
4.e3 O-O 5.Ne2 d5 6.a3 Be7 7.cxd5 Nxd5 8.Bd2 { ? ? } ( 8.Qc2 Nd7 9.g3 Nxc3
10.Nxc3 e5 11.Bg2 exd4 12.exd4 Bf6 13.Be3 Nb6 14.O-O c6 15.Rad1 Bg4 16.f3 Be6
17.Ne4 Re8 18.Bf2 Bd5 19.Rfe1 Be7 20.Rd2 Bf8 21.Rde2 Re6 22.Nc5 Rxe2 23.Qxe2
Qc7 24.g4 f6 25.Bg3 Qf7 26.h4 Rd8 27.Bh3 g6 { ...1/2-1/2, Corral Blanco Juan
Antonio 2459 - Topalov Veselin 2690 , Cala Galdana 1999 Ch Spain (team) (1
Div) } ) 8...Nd7 ( 8...Nxc3 9.Bxc3 b6 10.Ng3 Bb7 11.Bd3 Nd7 12.O-O c5 13.Qc2
g6 14.Rfd1 Qc7 15.Rac1 Rac8 16.Qb1 Rfd8 17.Bf1 Qb8 18.dxc5 Nxc5 19.Rxd8+ Rxd8
20.b4 Nd7 21.Qb2 Rc8 22.Rd1 Qc7 23.Qd2 Bf6 24.Bxf6 Nxf6 25.Qd4 Kg7 26.e4 e5
27.Qe3 h6 28.f3 { ...0-1, Mamedova Rena 2353 - Kacheishvili Giorgi 2583 ,
Cappelle la Grande 2001 It (open) } ) 9.g3 ( 9.Qc2 Nxc3 10.Nxc3 c5 11.dxc5
Nxc5 12.b4 Nd7 13.Be2 Nf6 14.O-O Bd7 15.Rfd1 Qb8 16.Qb3 Rd8 17.a4 Be8 18.b5
Qe5 19.Bf3 Rd7 20.Be1 Rad8 21.Rdc1 h5 22.Ne2 Ng4 23.Ng3 Bd6 24.h3 Nf6 25.Bc3
Qg5 26.Bxf6 Qxf6 27.Ne4 Qe5 28.Nxd6 Qxd6 { ...1-0, Volkov Sergey 2605 - Tunik
Gennady 2480 , St. Petersburg 1998 Memorial M.Chigorin (open) } ) 9...N5f6 (
9...Nxc3 10.Bxc3 c5 11.Bg2 cxd4 12.Qxd4 Bf6 13.Qd6 Nb6 14.Qxd8 Bxc3+ 15.Nxc3
Rxd8 16.a4 Rb8 17.Ke2 Bd7 18.a5 Nc4 19.b3 Ne5 20.f4 Bc6 21.Be4 Bxe4 22.Nxe4
Nc6 23.Rhc1 a6 24.Nc5 Rd6 25.Rc4 Kf8 26.b4 Ke7 27.Rac1 Na7 28.Na4 Nc6 29.Nc5 {
...1/2-1/2, Volkov Sergey 2554 - Sakaev Konstantin 2627 , New Delhi 2000 Ch
World FIDE (KO-system) (play-off) } ) 10.Bg2 { } 10...e5 { N } ( 10...c6
11.Qc2 e5 12.Rd1 exd4 13.Nxd4 Nb6 14.h3 Nfd5 15.O-O Bf6 16.Nce2 a5 17.e4 Ne7
18.Be3 Nd7 19.f4 Bxd4 20.Nxd4 a4 21.e5 Qa5 22.Nf3 Re8 23.Ng5 Nf8 24.Qf2 Nd5
25.Bc5 Ne6 26.Nxe6 Bxe6 27.f5 Bd7 28.Rde1 Qc7 29.e6 Bc8 30.exf7+ { ...1-0,
Graf Alexander 2605 - Xu Jun 2626 , Bled 2002 Olympiad } ) ( 10...c5 11.O-O
cxd4 12.exd4 Nb6 13.Bf4 Nfd5 14.Qd3 Bd7 15.Nxd5 Nxd5 16.Bxd5 exd5 { 1/2-1/2,
Kovacevic Blazimir 2458 - Palac Mladen 2564 , Nova Gorica 2002 It (open) } )
11.O-O c6 12.Qc2 exd4 13.Nxd4 Nb6 14.Rad1 Bc5 { ?! } ( 14...Bd6 { !? } 15.Nce2
Qe7 16.Nf4 Nfd5 { } ) 15.Ne4 Bxd4 16.Bb4 Re8 { ?! } ( 16...Nfd5 { !? } 17.Bxf8
Nxe3 18.fxe3 Bxe3+ { } ) 17.Rxd4 Nbd5 18.Nd6 Re5 19.Nc4 Re8 20.Qc1 Qc7 21.Bd6
Qd7 22.e4 Nb6 { ?! } ( 22...Nc7 { !? } 23.Rdd1 Nb5 24.f4 Qg4 { } ) 23.Bc5 Qc7
{ ?! } ( 23...Qe6 { !? } 24.Nxb6 axb6 25.Bxb6 Qb3 { } ) 24.Nd6 Rd8 25.Nb5 cxb5
26.Qf4 { } {#r} 1-0

[Event "It (open)"]
[Site "masterchessopen.com Karvina (Czech Republic)"]
[Round "9"]
[White "Jasny Stanislav (CZE)"]
[Black "Holeksa Zdenek (CZE)"]
[Result "0-1"]
[WhiteElo "1858"]
[BlackElo "2195"]

1.d4 Nf6 2.c4 e6 3.Nc3 Bb4 4.e3 O-O 5.Ne2 b6 6.a3 Bxc3+ 7.Nxc3 Bb7 8.f3 d5
9.Bd3 c5 10.dxc5 bxc5 11.O-O Nc6 12.cxd5 exd5 13.Bd2 Ne5 14.Qc2 d4 15.Ne4 Nxd3
16.Qxd3 Bxe4 17.fxe4 Re8 18.Qc4 Qd6 19.b4 dxe3 20.Bxe3 cxb4 21.axb4 Rxe4
22.Qc5 Qb8 23.Bd4 Ng4 24.g3 Qb7 25.b5 Re2 26.Qc6 Qxc6 27.bxc6 Nxh2 28.Rxa7
Rxa7 29.Bxa7 Nxf1 {#R} 0-1

[Event "Cup Independence (open)"]
[Site "masterchessopen.com Kiev (Ukraine)"]
[Round "9"]
[White "Shchukin Dmitry (RUS)"]
[Black "Ostrovskiy Andrey (UKR)"]
[Result "1-0"]
[WhiteElo "2335"]
[BlackElo "2297"]

1.d4 Nf6 2.c4 e6 3.Nc3 Bb4 4.e3 O-O 5.Ne2 d5 6.a3 Bd6 7.cxd5 exd5 8.g3 c6
9.Bg2 Re8 10.O-O Bf5 11.f3 h6 12.Qb3 Qb6 13.Qxb6 axb6 14.Bd2 b5 15.g4 Bd3
16.Rfe1 Nbd7 17.Nf4 Bxf4 18.exf4 Nb6 19.Rxe8+ Rxe8 20.Bf1 Bxf1 21.Rxf1 Nc4
22.Bc1 Nd7 23.Kf2 Ndb6 24.f5 Na5 25.Re1 Rxe1 26.Kxe1 Nb3 27.Ne2 Nc4 28.Kd1
Nxc1 29.Kxc1 Kf8 30.Nf4 Ke7 31.h4 Na5 32.Kc2 Nc4 33.Kc3 Ne3 34.b3 Nf1 35.Kd3
Ng3 36.Ke3 {#r} 1-0

[Event "Ch Spain (team)"]
[Site "masterchessopen.com Lanzarote (Spain)"]
[Round "5"]
[White "Rodriguez Orestes (ESP)"]
[Black "San Segundo Carrillo Pablo (ESP)"]
[Result "0-1"]
[WhiteElo "2439"]
[BlackElo "2516"]

{ Rodriguez Orestes (ESP) +0 =1 -0 } 1.d4 Nf6 2.c4 e6 3.Nc3 Bb4 4.e3 O-O 5.Ne2
Re8 6.a3 Bf8 { = } 7.Ng3 d5 { +0.09 CAP } 8.Qc2 { N } ( 8.cxd5 exd5 ( 8...Nxd5
9.Bd3 Nxc3 10.bxc3 b6 11.O-O Bb7 12.e4 c5 13.Be3 Ba6 14.f4 Bxd3 15.Qxd3 cxd4
16.cxd4 Nc6 17.Rfd1 Qd7 18.Qe2 Rad8 19.Kh1 Ne7 20.a4 f5 21.e5 Nd5 22.Bd2 Rc8
23.Qb5 Qb7 24.Rdc1 Rxc1+ 25.Rxc1 Rc8 26.Rxc8 Qxc8 27.Qb3 Bb4 28.Qd3 { ...0-1,
Ruiz Garcia Jose Manuel 2110 - Corral Blanco Juan Antonio 2425 , Oropesa 1996
Ch Spain (team) (a) } ) 9.Bd3 ( 9.Be2 a5 10.O-O g6 11.Bd2 h5 12.Bf3 h4 13.Nge2
c6 14.Nf4 Bf5 15.g4 hxg3 16.hxg3 g5 17.g4 Bh7 18.Nfe2 Bd6 19.Kg2 Nbd7 20.Ng3
Bxg3 21.Kxg3 Kg7 22.Be2 Qc7+ 23.Kg2 Rh8 24.Rh1 Be4+ 25.Nxe4 Nxe4 26.Qc2 Ndf6
27.Bf3 Qd7 28.Rag1 Nxd2 { ...1/2-1/2, Taimanov Mark E 2600 - Lutikov Anatoly S
2540 , Kislovodsk 1966 It "Central Chess Club" } ) 9...b6 ( 9...Nbd7 { -0,12
CAP } 10.b4 { N } ( 10.O-O b6 11.b4 c5 12.b5 g6 13.Bb2 Bg7 14.Rc1 Nf8 15.dxc5
bxc5 16.Na4 c4 17.Bb1 Rb8 18.Nc3 Ne6 19.Nge2 Bb7 20.Na2 Qc7 21.Nd4 Ng5 22.Nb4
h5 23.g3 Rbd8 24.Ndc6 Bxc6 25.Nxc6 Rd7 26.Bd4 a6 27.a4 axb5 28.axb5 Qb7 29.h4
Ngh7 { ...1/2-1/2, Koen Maja 2205 - Bojkovic Natasa 2310 , Mamaia 1991 Ch
World (juniors) (under 20) } ) 10...a6 11.Qb3 c6 12.a4 { ?! } ( 12.O-O { !? }
12...Bd6 13.Qc2 Nb6 14.Nce2 { } ) 12...a5 { ?! } ( 12...Qb6 { !? } 13.O-O Qxb4
14.Qc2 Qa5 { } ) 13.b5 c5 14.Nxd5 cxd4 15.O-O Nxd5 16.Qxd5 Nc5 17.Qxd8 Rxd8
18.Rd1 { ?! } ( 18.Bc4 { !? } 18...Be6 19.Bxe6 fxe6 20.Ra2 { } ) 18...Bg4
19.Be2 { ?! } ( 19.f3 { !? } 19...Be6 20.exd4 Nb3 21.Rb1 { } ) 19...Bxe2
20.Nxe2 dxe3 21.Bxe3 Rxd1+ 22.Rxd1 Nxa4 23.Rd7 b6 24.Rb7 Bc5 25.Bc1 { ?! } (
25.Bxc5 { !? } 25...bxc5 26.f3 Kf8 27.Kf1 { } ) 25...h6 26.g4 { ?! } ( 26.g3 {
!? } 26...Re8 27.Kf1 Re5 28.Rb8+ { } ) 26...Re8 27.Kf1 Re4 { ...0-1, Wiertzema
Michael 2149 - Epishin Vladimir 2578 , Diezisau 2003 It (open) } ) ( 9...c6
10.O-O Nbd7 11.Bd2 Bd6 12.b4 Nf8 13.Nf5 Bc7 14.f3 g6 15.Ng3 Ne6 16.Re1 h5
17.Nf1 Qd6 18.Qb3 Ng7 19.b5 c5 20.dxc5 Qxc5 21.Rac1 Qd6 22.Na4 Bf5 23.Bb4 Qd8
24.Nc5 Rb8 25.Red1 Bb6 26.Kh1 h4 27.e4 Be6 28.Nxe6 Nxe6 29.exd5 { ...0-1,
Allen Andrew 2215 - Murzin Lenar 2310 , Budapest 1997 It (b) } ) ( 9...c5
10.dxc5 Bxc5 11.O-O Nc6 12.e4 Bg4 13.Qa4 d4 14.Nce2 Bxe2 15.Nxe2 Nxe4 16.Qc2
Qe7 17.Bf4 Bb6 18.Rfe1 Nf6 19.b4 Rac8 20.Qd2 Ne4 21.Qb2 Qf6 22.Rad1 Nc3
23.Nxc3 dxc3 24.Qc1 Rxe1+ 25.Rxe1 Qd4 26.Qe3 Qxe3 27.Bxe3 Bxe3 28.fxe3 Ne5
29.Be4 { ...1/2-1/2, Nielsen Jorgen G 2240 - Heyken Enno 2350 , Copenhagen
1985 It (open) } ) ( 9...b6 10.O-O c5 11.Nh5 Bb7 12.Bb5 Re6 13.Nxf6+ Rxf6
14.dxc5 Bxc5 15.e4 Rg6 16.exd5 Bd6 17.Qh5 Nd7 18.Bd3 Nf6 19.Qf3 Rg4 20.Ne4 h5
21.h3 Nxe4 22.hxg4 Qh4 23.g3 Bxg3 24.fxg3 Nxg3 25.Qxf7+ Kh8 26.Qf8+ { 1-0,
Sakalauskas Vaidas 2418 - Nyysti Sampsa 2297 , Helsinki 2002 It (cat.4) } )
10.O-O c5 11.Nh5 Bb7 12.Bb5 Re6 13.Nxf6+ Rxf6 14.dxc5 Bxc5 15.e4 Rg6 16.exd5
Bd6 17.Qh5 Nd7 18.Bd3 Nf6 19.Qf3 Rg4 20.Ne4 h5 21.h3 Nxe4 22.hxg4 Qh4 23.g3
Bxg3 24.fxg3 Nxg3 25.Qxf7+ Kh8 26.Qf8+ { 1-0, Sakalauskas Vaidas 2418 - Nyysti
Sampsa 2297 , Helsinki 2002 It (cat.4) } ) ( 8.Bd3 c5 9.dxc5 Bxc5 ( 9...dxc4
10.Bxc4 Qxd1+ 11.Kxd1 Bxc5 12.b4 Be7 13.Ke2 a6 14.Bb2 b5 15.Bd3 Bb7 16.Nce4
Nbd7 17.Nxf6+ Nxf6 18.f3 Red8 19.Rac1 Bd5 20.Bd4 Nd7 21.Ne4 e5 22.Bc5 Nxc5
23.Nxc5 a5 24.Rc2 axb4 25.axb4 Bxc5 26.bxc5 b4 27.Rhc1 b3 { ...1/2-1/2, Zaja
Ivan 2440 - Zelcic Robert 2530 , Kastel Stari 1997 It (open) } ) 10.cxd5 exd5
11.O-O Nc6 12.Nh5 Ng4 13.Be2 Qh4 14.h3 d4 15.Bxg4 dxc3 16.Bxc8 Raxc8 17.bxc3
Rcd8 18.Qf3 Ne5 19.Qf5 Nd3 20.Ng3 Qc4 21.e4 Qxc3 22.Be3 Bxe3 23.fxe3 Ne5
24.Qf4 g6 25.Ne2 Qc5 26.Nd4 Qe7 27.Rab1 Rd7 { ...1-0, Drasko Milan 2440 -
Dizdar Goran 2465 , Sarajevo 1984 It (cat.12) } ) ( 8.b4 b6 ( 8...Nbd7 9.Be2
dxc4 10.Bxc4 a5 11.b5 c5 12.bxc6 bxc6 13.O-O c5 14.d5 exd5 15.Nxd5 Ba6 16.Bxa6
Rxa6 17.Bb2 Nxd5 18.Qxd5 Nb6 19.Qb3 Qd7 20.a4 Raa8 21.Rfd1 Qc6 22.Bc3 Reb8
23.e4 c4 24.Qc2 Re8 25.Rdb1 Nd7 26.Bd4 g6 27.Rb5 Bb4 { ...1/2-1/2, Skembris
Spyridon 2475 - Mastrovasilis Athanasios 2372 , Agios Nikolaos 2000 Ch Greece
} ) 9.cxd5 exd5 10.Be2 Bb7 11.O-O Nbd7 12.Bb2 a6 13.Qb3 b5 14.Rad1 Nb6 15.Bc1
Nc4 16.Bf3 g6 17.Rfe1 h5 18.Nf1 Qd7 19.Nd2 Qf5 20.Qa2 Bc6 21.Nxc4 bxc4 22.Rd2
Bd6 23.Bd1 Qd7 24.Rb2 Bf8 25.f3 Bg7 26.Rbe2 Nh7 27.Kh1 Nf8 { ...1/2-1/2,
Berezovsky Igor 2430 - Bischoff Klaus 2515 , Lenk 1993 It (open) } ) ( 8.Be2
b6 9.b4 c5 10.dxc5 bxc5 11.bxc5 Bxc5 12.O-O Ba6 13.cxd5 exd5 14.Bb2 Bxe2
15.Ncxe2 Nbd7 16.Nf4 Rb8 { 1/2-1/2, Godard Maxence 2426 - Nikcevic Nebojsa
2466 , Gonfreville 1999 It (cat.8) } ) ( 8.Bd2 c5 9.dxc5 Bxc5 10.Rc1 Nc6
11.Be2 dxc4 12.O-O Ne5 13.Nce4 Nxe4 14.Nxe4 Bf8 15.Bc3 Nd3 16.Bxd3 cxd3 17.f4
f5 18.Nf2 b6 19.Qxd3 Qxd3 20.Nxd3 Bb7 21.Kf2 Rac8 22.Rfd1 Red8 23.Bd4 Rxc1
24.Rxc1 Rc8 25.Rxc8 Bxc8 26.Be5 Ba6 27.Ke2 Bb7 { ...1/2-1/2, Epishin Vladimir
2583 - Volke Karsten 2467 , Lubeck 2001 Cup Germany (team) } ) ( 8.b3 b6 9.Be2
Ba6 10.O-O Nc6 11.Bb2 Na5 12.cxd5 Bxe2 13.Ncxe2 exd5 14.Nf4 Qd7 15.Bc3 Nb7
16.Qc2 Ne4 17.Nxe4 dxe4 18.Bb4 c5 19.dxc5 Nxc5 20.Rfd1 Qb7 21.Bxc5 Bxc5 22.b4
Bf8 23.Rd4 Rad8 24.Ne2 Rxd4 25.Nxd4 Rc8 26.Qe2 Qc7 27.h4 Qc3 { ...1-0,
Karayannis Athanasios 2300 - Mastrovasilis Athanasios 2240 , Athens 1996 Cup
Athens (1/4 final) } ) 8...Nbd7 9.cxd5 exd5 10.Be2 b6 11.O-O Bb7 12.Rd1 g6
13.Bf3 h5 14.h3 h4 15.Nge2 Ne4 16.Nf4 Ndf6 17.Bd2 Qd7 18.Be1 a6 19.Rac1 Kg7
20.a4 Rad8 21.a5 b5 22.Nd3 Qf5 23.Ne5 { ?! } ( 23.Be2 { !? } 23...Bd6 24.b3
Qg5 25.f4 { } ) 23...c5 24.Na2 Bd6 25.Bg4 { ?! } ( 25.Ng4 { !? } 25...c4
26.Bb4 Nxg4 27.Bxg4 { } ) 25...Nxg4 26.hxg4 { ?! } ( 26.Nxg4 { !? } 26...c4
27.Bb4 Bc7 28.Nc3 { } ) 26...Qe6 27.f3 Ng3 28.Nc3 cxd4 29.exd4 Bxe5 30.dxe5 d4
31.Ne2 Qxe5 32.Nxd4 { ? } ( { ? } 32.Nxg3 hxg3 33.Qd3 Rc8 34.Bb4 { } )
32...Rxd4 { } {#R} 0-1